Movies Set in Colorado - Statistics

General Stats
  • This quiz has been taken 1,068 times
    1,061 since last reset
  • The average score is 8 of 16
Answer Stats
Answer % Correct
Two morons in a furry van embark on an epic quest to Aspen Dumb and Dumber
89%
Haunted hotel drives caretaker mad The Shining
86%
Obsessed fan rescues novelist, won't let him leave Misery
69%
Foul-mouthed kids crack wise in dysfunctional mountain town South Park
58%
Ferris Bueller messes with wrong computer, nearly starts WWIII WarGames
58%
Ron Burgundy and Napoleon Dynamite - on ice! Blades of Glory
54%
Dirty dancer leads teen resistance against Soviet/Cuban invasion Red Dawn
54%
Hot lady doctor practices in 1800s frontier town Dr. Quinn Medicine Woman
53%
Yuppie rediscovers his manhood on cattle drive with buddies City Slickers
52%
Wacky alien lands via space egg, tries to make sense of Boulder Mork and Mindy
49%
Rocky searches Rockies for suitcases of cash Cliffhanger
42%
Soap opera saga of wealthy oil family Dynasty
38%
Secret futuristic military team goes exploring, led by MacGyver Stargate SG-1
24%
Comedian who gets no respect coaches girls' soccer team Ladybugs
23%
Ski instructors + hot babes = "Top Gun on the slopes!" Aspen Extreme
5%
Group of criminals face imminent death after botching a job Things To Do In Denver When You're Dead
5%
No matching quizzes found
Score Distribution
Percent of People with Each Score
Percentile by Number Answered
Your Score History
You have not taken this quiz since the last reset